000 00420nam a2200157Ia 4500
008 210210b1980 xxu||||| |||| 00| 0 eng d
082 _a954.8 WILH
100 _aWILKS (Mark)
245 _ahistorical sketches of the south Indian history. Ed 2.
250 _a
260 _aNew Delhi.
_bCosmo Publications.,
_c1980
300 _axxiii,817
690 _aIndian History
700 _aHAMMICK (Murray).
906 _a046759
999 _c95938
_d95938